00396nam a2200121Ia 4500001000400000008004100004082002200045100001100067245013000078260002400208901002700232999001500259900241024s9999 xx 000 0 und d aRD/370.97293/U56i aUNESCO 0aInforme Delegación República Dominicana ante la UNESCO 58 Sesión del Consejo de la Oficina Internacional de Educación bSanto Domingoc2009 a8/12/2010 5:05:45 p.m. c8956d8956